000 00414cam a22001217a 4500
008 180718b1967 xxu||||| |||| 00| 0 eng d
082 _aA81x54 In2/61/2/PT7B/6
100 _aCensus of India 1961
245 _aAndhra Pradesh: fairs and festivals (Guntur district)
260 _aDelhi
_bThe Manager of Publications
_c1967
300 _av.p.
440 _aCensus of India 1961. Volume II, Andhra Pradesh. Part VII-B (VI)
999 _c484026
_d484026